| 000 | 00670nam a2200241 i 4500 | ||
|---|---|---|---|
| 001 | 105932 | ||
| 003 | ES-MaACL | ||
| 007 | t| | ||
| 008 | 060913s1978 sp ||||1| spa d | ||
| 020 | _a84-85730-01-1 | ||
| 080 | _a330.852 | ||
| 080 | _a141.82 | ||
| 245 | 0 | 1 |
_a¿Crisis del marxismo? / _cL. Colletti... [et al.]. |
| 260 |
_aBarcelona : _bEdiciones 2001, _c[1978?] |
||
| 300 |
_a118 p. ; _c18 cm. |
||
| 490 | 1 |
_aEl Viejo topo ; _v4 |
|
| 500 | _aBiblioteca Juan Andrade. | ||
| 650 | 1 | 4 |
_aMarxismo. _914803 |
| 700 | 1 |
_aColletti, Lucio. _939697 |
|
| 830 | 0 |
_aEl Viejo topo ; _v4 _9183477 |
|
| 852 |
_aES-MaACL _jAND-886 _bR.110174 |
||
| 999 |
_c105932 _d105932 |
||